000 00717nam a2200181 a 4500
005 20210219160158.0
008 080923s1968 mx r 000 0 spa d
035 _aUPN01000160236
049 _aUNE
080 _aDO 378.014. 53(4) =40 "1967" ACC.
111 2 _aConférence des ministres de l'éducation des États d'Europe membres de l'UNESCO sur l'accès à l'enseignement supérieur
_d(1967 :
_cVienne)
245 1 0 _aAccés à l'enseignement supérieur en Europe.
260 _aParís :
_bUNESCO,
_c1968 .
300 _a148 p.
690 _aEnseñanza Superior - Acceso a la educación - Europa - Conferencia
690 _aEuropa - Enseñanza superior - Acceso a la educación - Conferencia
905 _aUNESCO
999 _c132350
_d132350